000
00298nam a22001337a 4500
008
170829b xxu||||| |||| 00| 0 eng d
020
_a
9780205661176
041
_a
eng
080
_2
3RD
_a
070
100
_a
39
101
_a
MED
245
_a
PUBLIC SPEAKING HANDBOOK
_c
BEEBE,S.A
942
_2
udc
_c
BK
999
_c
25387
_d
25387